| 000 | 01915cam a2200493 a 4500 | ||
|---|---|---|---|
| 001 | 20947 | ||
| 003 | VRT | ||
| 005 | 20260207111849.0 | ||
| 008 | 250313s1944 xo 000 d slo c | ||
| 015 | _aSNBA19421945-076/1728 | ||
| 035 | _aSK01SNKBKSD220010078394 | ||
| 035 | _aurn:nbn:sk:snk-am3hkk3 | ||
| 035 | _aA56029AE-E336-409A-8254-41585DF3AB49 | ||
| 035 | _aurn:nbn:sk:snk-am00d3mx | ||
| 035 | _aSKM000080857 | ||
| 039 | 9 |
_a202503131220 _bVLOAD _c202205120830 _dVLOAD _c202006181348 _dcsnk20 _c202003231353 _dmaubb02 |
|
| 040 |
_aSNK _bslo _cSNK _eAACR2 |
||
| 041 | 1 |
_aslo _hfre |
|
| 044 |
_axo _cSK |
||
| 072 | 7 |
_a821.13 _xRománske literatúry _2konspekt |
|
| 080 |
_a821.133.1/2-265.4 _22011 |
||
| 080 |
_a(0:82-22) _22011 |
||
| 100 | 0 |
_aMolière, _d1622-1673 _4aut |
|
| 240 | 1 | 0 |
_aMisanthrope _lSlovensky |
| 245 | 1 | 0 |
_aMizantrop _b(Odľud) : komédia v piatich dejstvách _cJean Baptiste Moliére ; preložil Ján Poničan |
| 260 |
_aTurčiansky Sv. Martin _bÚstredie slovenských ochotníckych divadiel _bMatica slovenská _c1944 _eTurčiansky Sv. Martin _fNeografia |
||
| 300 |
_a101, [i] s. _c8° |
||
| 490 | 1 |
_aJavisko _vsv. 4 |
|
| 655 | 7 |
_afrancúzske drámy _2SNKPH |
|
| 655 | 7 |
_adivadelné komédie _2SNKPH |
|
| 655 | 7 |
_aFrench drama _2SNKPHeng |
|
| 655 | 7 |
_aComedies _2SNKPHeng |
|
| 700 | 1 |
_aPoničan, Ján, _d1902-1978 _4trl |
|
| 830 | 0 | _aJavisko | |
| 942 |
_2ddc _cKLDO _n0 |
||
| 949 |
_62889021670 _asavukIIIA 1117 _oD 6489 |
||
| 949 |
_6369701000016966 _aaubbD 12387 _baubbD12387 _pVýmena: DÚ BL |
||
| 949 |
_6369701000016967 _aaubbD 12388 _baubbD12388 _pVýmena: DÚ BL |
||
| 949 |
_617A0199045 _9P60, <04>, [BOOK], {604} _asnkSD 4951/4 D2 |
||
| 949 |
_617A0368972 _9P60, <04>, [BOOK], {604} _asnkSD 4951/4 D1 |
||
| 949 |
_617A0908200 _asnkSD 4951/4 _bsnk2835/44 _oI. 112/45 - ev.č. _s6100:20180703 |
||
| 999 |
_c20947 _d20947 |
||